MDQL
is popping MORE tags! Check the
thread
!
Quizzes
Events
Quiz Creation
Community
Videos
Private Events
Remove Ads
Sign In
Join for FREE
Feedback
Dark Mode
Quiz Categories
Sports
Geography
Music
Movies
Television
Just For Fun
Miscellaneous
History
Literature
Language
Science
Gaming
Entertainment
Religion
Holiday
For Kids
Quiz Lab
Recent
Popular Today
Quiz Kudos Today
Editor Picks
Curator Picks
Quizzes by...
Day
Popularity
Type
Ratings
Length
Year
Community
Subscriptions
Recent Discussions
Orange Saloon
Badges
Playlists
Quests
Create
Leaderboards
Showdown
Live 5
Trivia Bingo
Activity
Puzzle Library
Sporcle Events
Private Events
Virtual Trivia
Globe League
Become a Host
Pub Owners
SporcleCon
Opinionation
Our Games
Videos
Blog
Mobile Apps
Partnerships
Remove Ads and Go Orange
Feedback
Science
Computer
Plants
Astronomy
Chemistry
Elements
Math
Animal
Physics
Anatomy
Biology
Geology
General Science
Science
Computer
Plants
Astronomy
Chemistry
Elements
Math
Animal
Physics
Anatomy
Biology
Geology
General Science
Random Quiz
Search Sporcle
×
Quiz Lab
Quiz Lab
Science
Cycle
Type in answers that appear in a list
Type in answers that appear in a list
Classic
Best Score? Go Orange.
Cell Cycle and Asexual Reproduction Info Stats
Can you name the answers?
By
Bisquito
10m
61 Questions
73 Plays
73 Plays
73 Plays
Comments
Comments
Give Quiz Kudos
Give Quiz Kudos
-
- Ratings
hide this ad
Forced Order
Answers have to be entered in order
Answers have to be entered in order
Random Order
Randomize order of answers
Randomize order of answers
Replay
Link that replays current quiz
Next Quiz
Link to next quiz in quiz playlist
You Got
0%
They Got
Avg Score
19%
Avg Friend Score
Upgrade to see
Score Distribution
Jump to the score distribution portion of the page
Score
0/61
Timer
10:00
0
Plays Today
question
answer
% Correct
What is the longest phase in the cell cycle/
life cycle of the cell?
interphase
42.5%
_
_
_
_
_
_
_
is a disease that is caused when a cell continually divides and grows at an uncontrolled rate.
cancer
41.1%
During which phase are the sister chromatids pulled to opposite sides by the spindle fibers?
anaphase
39.7%
During which phase do the chromosomes relax, nuclear membrane begins to form around chromosomes, and the cell begins to divide?
telophase
38.4%
The phase when a cell is not dividing is known as _
_
_
_
_
_
_
_
interphase
37%
During what stage do the chromosomes move to the metaphase plate and attach to spindle fibers at the centromere?
metaphase
37%
_
_
_
_
_
_
_
_
_
reproduction is the process in which a parent divides to produce offspring
asexual
37%
During what stage does the nuclear membrane begin to disappear, the chromosomes condense, and centrioles replicate?
prophase
34.2%
All cells come from one cell, a fertilized _
_
_
_
_
egg
32.9%
During which phase does DNA replicate?
Synthesis
32.9%
What are the four steps of mitosis in order?
prophase metaphase anaphase telophase
32.9%
Prokaryotes divide through a process called _
_
_
_
_
_
_
_
_
_
_
_
_
_
_
_
_
_
_
_
binary fission
30.1%
What is the name for a fertilized egg?
zygote
28.8%
A chromosome before it replicates is a pile of _
_
_
_
_
_
_
_
_
_
chromatin
28.8%
What is the term for growing back lost cells?
regeneration
28.8%
What kind of asexual reproduction is when the parent grows small organisms off parts of its body and then it is released? (hydra)
budding
28.8%
Cancer cells occur when a _
_
_
_
_
_
_
_
_
_
occures in genes that control cell division
mutation
28.8%
Cancer mostly occurs in people over _
_
years old.
50
28.8%
A harmless tumor is called _
_
_
_
_
_
_
benign
26%
During which phase does the cleavage furrow or cell plate form?
cytokinesis
24.7%
A harmful tumor is called _
_
_
_
_
_
_
_
malignant
24.7%
How does one cell make the trillions of cells that people consist of?
cell division
23.3%
The DNA of cells is stored in _
_
_
_
_
_
_
_
_
_
chromosomes
23.3%
What is the groove called in the middle of a parent cell in an animal cell where the cytoplasm splits to form two daughter cells?
cleavage furrow
21.9%
In a plant cell, a _
_
_
_
_
_
_
_
_
_
forms instead of a cleavage furrow. It is made up of cell wall and membrane materials.
cell plate
21.9%
Mitosis only occurs in _
_
_
_
_
_
_
_
_
, such as plant and animal cells.
eukaryotes
21.9%
Chromosomes take the form of what during interphase?
chromatin
20.5%
During what stage is there a dark nucleus?
interphase
20.5%
During what type of asexual reproduction does the cell divide in half and each daughter cell is identical? (bacteria)
binary fission
20.5%
During which phase does the cell grow and make organelles and cytoplasm?
G1
19.2%
During which phase does the cell grow, prepare for mitosis, and make organelles?
G2
17.8%
question
answer
% Correct
What is the process of reproduction called when a severed piece of the adult becomes a new organism (planaria)
fragmentation
16.4%
Cancer cells have the ability to _
_
_
_
_
_
_
_
_
to other parts of the body
spread
16.4%
The three sections of interphase are ....?
G1 synthesis G2
15.1%
During which phase does the nucleus divide?
Mitosis
15.1%
During the last step of cell division, what divides to create the two new daughter cells?
cytoplasm
15.1%
What are pieces of microtubules that are part of the centrosome that help in the division of chromsomes?
centrioles
15.1%
When cell division is not controlled, it can create _
_
_
_
_
tumors
15.1%
Substances that can cause cancer are known as _
_
_
_
_
_
_
_
_
_
_
carcinogens
13.7%
What are the stages of the cell cycle in order?
interphase prophase metaphase anaphase telophase cytokinesis
12.3%
A cell 'knows' what type of cell to become because of its _
_
_
_
_
genes
12.3%
The protein in the centromere that attaches to the chromosome is called what?
kinetochore
11%
Which organelle makes the vesicles which secrete cell wall and cell membrane particles?
golgi body
11%
Cells that first divide and don't have a specific job are called _
_
_
_
_
_
_
_
_
_
_
_
stem cells
11%
When cancer cells float through the blood stream and invade other tissue, it is known as....?
metastasis
11%
What are the two phases of division?
Mitosis and cytokinesis
9.6%
After replication, the chromosome with its copy is called a _
_
_
_
_
_
_
_
_
_
_
_
_
which is held together at the _
_
_
_
_
_
_
_
_
_
_
_
_
sister chromatid centromere
9.6%
The changes a cell undergoes to become a specific type of cell is called _
_
_
_
_
_
_
_
_
_
_
_
_
_
_
_
differentiation
9.6%
A stem cell that is only 3-
5 days old is called an _
_
_
_
_
_
_
_
_
_
cell
embryonic
8.2%
The 3-
5 day old cell is known as _
_
_
_
_
_
_
_
_
_
_
_
_
because it can give rise to all different types of cells
pluripotent
8.2%
Cancer cells _
_
_
_
_
_
_
the normal tissue cells which results in the failure of organs
replace
8.2%
_
_
_
_
_
factors are chemicals that stimulate a cell and divide and undergo mitosis.
growth
6.8%
The two main types of stem cells are called _
_
_
_
_
_
_
_
_
and _
_
_
_
_
_
_
_
_
embryonic and adult
5.5%
Genes that can cause cancer when mutated are known as ....?
oncogenes
5.5%
When it is time to divide, chromatin condenses into what?
visible chromatin
4.1%
What is it called when new plants grow from roots, stems, or leaves of parent plant (strawberries)
vegetative reproduction
4.1%
The ras gene in rats that leads to cancer is an example of what type of gene?
oncogene
4.1%
During the cell cycle, the cell _
_
_
_
_
_
_
_
and_
_
_
_
_
_
_
_
_
_
_
_
reproduces grows
2.7%
Most of the cells in your body contain how many sets of chromosomes?
2
2.7%
Chromatin condenses to aide in what of the DNA?
separation
1.4%
Stem cells can become a _
_
_
_
_
,_
_
_
_
_
_
,or _
_
_
_
_
cell
heart lung skin
1.4%
Quiz Playlist
Details
Report
Send in Message
Add To Playlist
Classic:
Type in answers that appear in a list
Forced Order:
Answers have to be entered in order
Random Order:
Randomize order of answers
Last Updated: Feb 16, 2017
Quiz Scoreboard
CHALLENGE
Sign Up to Join the Scoreboard
Show All
Scores
Hide
Comments
May contain spoilers
Recently Published
Image Sorting: Flags VI
by Barbecue
Geography
2m
Find the 'City' Movie
by crazypaving
Movies
60s
Colored Red Africa Blitz
by spor1
Geography
45s
More to Explore
Quiz From the Vault
Featured Blog Post
14 Easter Pick-up Lines to Find Eggs With
hide this ad
You Might Also Like...
Tags
cell
Cycle
reproduction
Today's Top Quizzes in Science
Browse Science
hide this ad
Today's Top Quizzes in Cycle
Browse Cycle
Top Contributed Quizzes in Science
1
Windmill: Elements
2
200 Vogels in Nederland
3
Square Numbers Scrambled (1-50)
4
Count to 60
5
Elements In Images
6
Glycolysis
7
17 TIMES TABLE
8
4-letter Elementary Words III
9
perfect squares 1-25
10
Quick Pick: 'CI-CJ' Animals
Explore More
Trending Topics
Harry Potter
Marvel
Kpop
NBA
Disney
Anime
Crossword
Puzzle
Soccer
NFL
The Office
WWE
Song
Pokémon
Country
hide this ad
More By:
Bisquito
Quiz
Plays
Rating
Category
Featured
Created
Pokemon By Features
5,762
4.42
Gaming
Jun 22, 2010
Greek Gods/Goddesses and Other Stuff
896
1.78
History
Jan 11, 2010
Sparta and Athens
436
2.00
History
Jan 9, 2010
Ghost Pokemon (I-IV)
293
3.75
Gaming
Aug 8, 2010
ESPN Fantasy Football Rankings
253
4.00
Sports
Aug 25, 2010
Go to Creator's Profile
Score Distribution
Quiz Creator Spotlight
Bisquito
Follow
Send a Message
Quizzes Created
-
Created Quiz Play Count
-
More By This Creator
Popular Quizzes Today
1
Colored Red Africa Blitz
2
Find the US States - No Outlines Minefield
3
Find the 'City' Movie
4
5x2 Blitz: Bands
5
The Countries of the World
6
Find the US States
7
Find the Countries of Europe - No Outlines Minefield
8
US States
More Science Quizzes
Same Letter Animals
Curator's Pick
Trending Quizzes
Colored Red Europe Blitz I
Colored Red Europe Blitz II
Colored Red Africa Blitz II
Colored Red Europe Blitz III
Colored Red Africa Blitz III
Recently Updated
How Do You Spell That?
pecheneg
Godzilla Movies
pecheneg
Grab Bag: 4-10 Letters
pecheneg
2024 March Madness Bracket
pecheneg
Famous TV Couples
Peacemaker
Champions League XIs: Real Madrid
pecheneg
Largest US Cities 1790-2010
pecheneg
Rides in Walt Disney World
pecheneg
Most Oscar Losses (Acting)
pecheneg
Beyoncé Albums
pecheneg
Trending Topics
Harry Potter
Crossword
Anime
Kpop
NBA
Marvel
Disney
WWE
Pokémon
Puzzle
The Office
Country
NFL
Song
Soccer
Your Account Isn't Verified!
In order to create a playlist on Sporcle, you need to verify the email address you used during registration. Go to your
Sporcle Settings
to finish the process.
Report this User
Report this user for behavior that violates our
Community Guidelines
.
Details:
Send Report
Go to the Sporcle.com Mobile Site →
Comments